00548nam a2200169Ia 4500008004100000100004600041245006300087245004600150260001300196260000900209300003400218440004400252650001200296650002900308650002400337650001700361190412s9999 xx 000 0 und d aAlice Bonaime, Huseyin Gulen, & Mihai Ion aDoes policy uncertainty affect mergers and acquisitions? / cAlice Bonaime, Huseyin Gulen, & Mihai Ion belsevier c2018 apages 531-558, September 2018 aJournal of Financial Economicsv129 (3) aFINANCE aMergers and Acquisitions aPolicy Uncertainty  aReal Options